Tutte le famiglie di Federico /

Gespeichert in:
Bibliographische Detailangaben
Weitere Verfasser: Hernandez, Mili (Drehbuch), Gómez (Illustrationen), Di Filippo, Giulia (Übersetzung)
Format: Buch
Sprache:Italienisch
Veröffentlicht: [Madrid] : NubeOcho, 2019
Schriftenreihe:Nuvola di cartone
Tags: Tag hinzufügen
Keine Tags, Fügen Sie das erste Tag hinzu!

MARC

LEADER 00000nam a22000007i 4500
001 IT\ICCU\RMB\0804941
003 ItRI
005 20260115232023.0
008 191205s2019 it |||||| |||||1|||||c
020 |a 9788417673574 
040 |b ita  |c importazione bologna sebina 
041 7 |a ita  |2 ISO-639-2 
100 1 |a Hernandez, Mili  |0 IT\ICCU\RMBV\291126  |4 aus 
240 1 0 |a Federico y sus familias  |3 IT\ICCU\RMB\0804942  |9 Hernandez, Mili 
245 1 0 |a Tutte le famiglie di Federico /  |c [testo Mili Hernandez ; illustrazioni Gomez ; traduzione Giulia Di Filippo]. 
260 |a [Madrid] :  |b NubeOcho,  |c 2019 
300 |a 1 volume (senza paginazione) :  |b cartone, in gran parte ill. ;  |c 17x17 cm 
700 0 |a Gómez  |0 IT\ICCU\URBV\396784  |4 ill 
700 1 |a Di Filippo, Giulia  |0 IT\ICCU\UBOV\442130  |4 trl 
830 0 |a Nuvola di cartone  |0 IT\ICCU\RMB\0804682 
942 |2 ddc  |c BK  |n 0 
952 |0 0  |1 0  |4 0  |6 R_863_700000000000000_HER  |7 0  |9 18985  |a BO  |b BO  |d 2026-01-15  |i 19272  |l 0  |o R 863.7 HER  |p BO19272  |r 2026-01-15 23:20:23  |w 2026-01-15  |x [Sebina 5] [1 v.]  |y BK  |z 1 v. 
999 |c 16138  |d 16138